EFFECTS OF POURING TEMPERATURE ON MECHANICAL PROPERTIES AND MICROSTRUCTURE OF ALUMINUM ALLOYS / (Record no. 529100)

000 -LEADER
fixed length control field 00590nam a22001697a 4500
082 ## - DEWEY DECIMAL CLASSIFICATION NUMBER
Classification number 620.1
100 ## - MAIN ENTRY--PERSONAL NAME
Personal name Zafar, Muhayy-ud-Din
245 ## - TITLE STATEMENT
Title EFFECTS OF POURING TEMPERATURE ON MECHANICAL PROPERTIES AND MICROSTRUCTURE OF ALUMINUM ALLOYS /
Statement of responsibility, etc. Muhayy-ud-Din Zafar.
260 ## - PUBLICATION, DISTRIBUTION, ETC.
Place of publication, distribution, etc. Islamabad:
Name of publisher, distributor, etc. SMME - NUST,
Date of publication, distribution, etc. 2016.
300 ## - PHYSICAL DESCRIPTION
Extent 57 p.: ill.;
Dimensions 30cm.
650 ## - SUBJECT ADDED ENTRY--TOPICAL TERM
Topical term or geographic name entry element MS-Thesis.
700 ## - ADDED ENTRY--PERSONAL NAME
Personal name Dr. Khalid Akhtar
856 ## - Uniform Resource Identifier
Uniform Resource Identifier <a href="http://10.250.8.41:8080/xmlui/handle/123456789/12822">http://10.250.8.41:8080/xmlui/handle/123456789/12822</a>
942 ## - ADDED ENTRY ELEMENTS (KOHA)
Source of classification or shelving scheme
Koha item type Thesis
650 ## - SUBJECT ADDED ENTRY--TOPICAL TERM
-- 18721
700 ## - ADDED ENTRY--PERSONAL NAME
-- 17455
Holdings
Withdrawn status Lost status Source of classification or shelving scheme Damaged status Not for loan Permanent Location Current Location Shelving location Date acquired Full call number Barcode Date last seen Price effective from Non-public note Koha item type
          Central Library (CL) Central Library (CL) Thesis 09/19/2019 620.1 CL-T-1529 09/19/2019 09/19/2019 Minute Sheet No. 0929/02/CL/Survey/5 dated 23rd April 2024 E-MIN ID 114741 Thesis
© 2023 Central Library, National University of Sciences and Technology. All Rights Reserved.